| 000 | 01118nam a22002297a 4500 | ||
|---|---|---|---|
| 999 |
_c3456 _d3456 |
||
| 003 | AR-CdUCM | ||
| 008 | 190306b ||||| |||| 00| 0 spa d | ||
| 040 |
_aMUNICIPALIDAD PROVINCIAL DEL CUSCO _cBIBLIOTECA MUNICIPAL DEL CUSCO |
||
| 041 | _hrus | ||
| 082 |
_a338.947 / _bSO68 |
||
| 100 |
_aSorokin, G. _911381 |
||
| 245 |
_aLa planificación de la economía de la URSS : _bProblemas de teoría y organización / |
||
| 260 |
_aMoscú : _bProgreso, |
||
| 300 |
_a390 páginas ; _besquemas, _c21 cm. |
||
| 505 | _aContenido: Bases económicas y políticas de la planificación de la economía nacional -- Desarrollo de la planificación a raíz del crecimiento de la socialización socialista -- El progreso de la planificación con motivo del crecimiento de la socialización socialista -- Organización de la planificación -- Problemas fundamentales de la metodología de la confección del plan de la economía ... | ||
| 650 |
_aUnión Soviética _9496 |
||
| 650 |
_aSiglo XX. _98 |
||
| 650 |
_aPolítica económica _91407 |
||
| 700 |
_aVladov, L. R. (traducción) _911382 |
||
| 942 |
_2ddc _cLIBROS |
||
| 945 | _aachl | ||